000 00253nam a22001217a 4500
020 _a0-72141551-2
082 _a823
_bDAL/T
100 _aDALY, AUDREY
245 _aTHUMBELINA
260 _aUK
_bLADYBIRD
650 _aENGLISH SHORT STORY
_zUK
942 _cBK
999 _c3780
_d3780